Biggest Countries Without a 'B' by Population - Statistics

General Stats
  • This quiz has been taken 83 times
  • The average score is 17 of 20
Answer Stats
Population Country % Correct
1,382 mill China
100%
1,314 mill India
99%
146 mill Russia
97%
324 mill United States
97%
122 mill Mexico
93%
82.8 mill Germany
92%
263 mill Indonesia
92%
67 mill France
90%
191 mill Nigeria
90%
196 mill Pakistan
89%
65 mill United Kingdom
88%
92.8 mill Egypt
84%
126 mill Japan
82%
60 mill Italy
81%
79 mill Turkey
77%
103 mill Philippines
75%
92.7 mill Vietnam
75%
80 mill Iran
74%
68 mill Thailand
74%
104 mill Ethiopia
73%
No matching quizzes found
Score Distribution
Percent of People with Each Score
Percentile by Number Answered
Your Score History
You have not taken this quiz